Score 0/20 Timer 04:00
4 Plays Today
% Correct
Teenage Mutant
Ninja TURTLES
98.1%
Rise of the Planet
of the APES
97.8%
Babe: PIG in the City
96.8%
Who Framed Roger RABBIT
96.5%
CROCODILE Dundee
96.4%
To Kill a MOCKINGBIRD
96.3%
Alvin and the CHIPMUNKS
96%
SPIDER-Man
95.5%
Crouching TIGER,
Hidden Dragon
94.4%
Dances with WOLVES
94%
% Correct
Reservoir DOGS
94%
SNAKES on a Plane
93.2%
SALMON Fishing in the Yemen
93.2%
Brother BEAR
92.3%
All the Pretty HORSES
91.2%
Cold TURKEY
91.1%
The Great MOUSE Detective
90.1%
The PELICAN Brief
89.6%
The Mighty DUCKS
88.8%
X-Men Origins: WOLVERINE
87.7%
Remove Ads.
Support Sporcle.
Get the best of Sporcle when you Go Orange. This ad-free experience offers more features, more stats, and more fun while also helping to support Sporcle. Thank you for becoming a member.

You're not logged in!

Compare scores with friends on all Sporcle quizzes.
OR
Log In

Show Comments

Extras

Top Quizzes Today


Score Distribution

Your Account Isn't Verified!

In order to create a playlist on Sporcle, you need to verify the email address you used during registration. Go to your Sporcle Settings to finish the process.

Report this User

Report this user for behavior that violates our Community Guidelines.

Details: